Historia de la ciudad de Compluto, vulgarmente, Alcala de Santiuste y aora de Henares / (Record no. 176710)
[ view plain ]
| 000 -LEADER | |
|---|---|
| campo de control de longitud fija | 01711nam a2200277 i 4500 |
| 001 - NÚMERO DE CONTROL | |
| campo de control | 176710 |
| 003 - IDENTIFICADOR DE NÚMERO DE CONTROL | |
| campo de control | ES-MaACL |
| 005 - FECHA Y HORA DE LA ÚLTIMA TRANSACCIÓN | |
| campo de control | 20231218155128.0 |
| 008 - DATOS DE LONGITUD FIJA--INFORMACIÓN GENERAL | |
| campo de control de longitud fija | 110203s2003 sp o |||| | spa d |
| 020 ## - NÚMERO INTERNACIONAL ESTÁNDAR DEL LIBRO | |
| Número Internacional Estándar del Libro | 84-95011-73-5 |
| 080 ## - NÚMERO DE LA CLASIFICACIÓN DECIMAL UNIVERSAL | |
| Número de la Clasificación Decimal Universal | 94(460.27 Alcalá de Henares) |
| 100 1# - ENTRADA PRINCIPAL--NOMBRE DE PERSONA | |
| Nombre de persona | Portilla y Esquivel, Miguel de. |
| 9 (RLIN) | 93248 |
| 245 10 - MENCIÓN DEL TÍTULO | |
| Título | Historia de la ciudad de Compluto, vulgarmente, Alcala de Santiuste y aora de Henares / |
| Mención de responsabilidad, etc. | su autor, Miguel de Portilla y Esquivel. |
| 260 ## - PUBLICACIÓN, DISTRIBUCIÓN, ETC. | |
| Lugar de publicación, distribución, etc. | Alcalá de Henares : |
| Nombre del editor, distribuidor, etc. | Fundación Colegio del Rey, |
| Fecha de publicación, distribución, etc. | D. L. 2003. |
| 300 ## - DESCRIPCIÓN FÍSICA | |
| Extensión | 2 v. ; |
| Dimensiones | 21 cm + |
| Material acompañante/anejo | 1 cuadernillo (27 p. : fot. col.) |
| 500 ## - NOTA GENERAL | |
| Nota general | Cuadernillo con estudio de José-María Nogales Herrera. |
| 500 ## - NOTA GENERAL | |
| Nota general | 3 partes en 2 t. |
| 505 8# - NOTA DE CONTENIDO CON FORMATO | |
| Nota de contenido con formato | Contiene: T.I. De todo lo tocante al antiguo Compluto, asta el año MLXXIX, de su reedificacion, y nuevo nombre, el año MLXXXVI, y de que su castillo, Alcala La Vieja, se ganò en el año MCXVIII, apareciendo en el ayre la Santa Cruz.- T.II, Parte II. De sus hijos insignes, especialmente en letras, y virtudes, en particular desde su nueva fundacion en el año MLXXXVI.- T.II, Parte III. Del convento de religiosas Carmelitas Descalças de la Purissima Concepcion, vulgarmente de la Imagen, que fundaron la seraphica doctora N. S. M. Teresa de Jesus y la V. M. Maria de Jesus, granadina, por mandado de nuestra señora la Virgen Maria |
| 534 ## - NOTA SOBRE LA VERSIÓN ORIGINAL | |
| Frase introductoria | Reprod. facs. de la ed.: |
| Publicación, distribución, etc. del original | Alcalá: por Joseph Espartosa, 1725-1728. |
| 650 #4 - PUNTO DE ACCESO ADICIONAL DE MATERIA--TÉRMINO DE MATERIA | |
| Término de materia o nombre geográfico como elemento de entrada | Alcalá de Henares- |
| Subdivisión general | Historia. |
| 9 (RLIN) | 223677 |
| 655 #7 - TERMINO DE INDIZACIÓN--GENERO/FORMA | |
| Fuente del término | tgfbne |
| 9 (RLIN) | 226495 |
| Datos o término principal de género/forma | Facsímiles |
| 700 1# - ENTRADA AGREGADA--NOMBRE PERSONAL | |
| Nombre de persona | Nogales Herrera, José María, |
| Fechas asociadas al nombre | 1957- |
| 9 (RLIN) | 143808 |
| 852 ## - LOCALIZACIÓN | |
| Ubicación | ES-MaACL |
| Número de control de estantería | E-14172-73 |
| 942 ## - ELEMENTOS DE ENTRADA SECUNDARIOS (KOHA) | |
| Fuente del sistema de clasificación o colocación | Clasificación decimal universal |
| Estatus retirado | Estado de pérdida | Estado de daño | No para préstamo | Biblioteca de origen | Biblioteca actual | Ubicación en estantería | Fecha de adquisición | Fuente de adquisición | Total de préstamos | Signatura topográfica completa | Código de barras | Visto por última vez | Precio de reemplazo | Tipo de ítem Koha |
|---|---|---|---|---|---|---|---|---|---|---|---|---|---|---|
| Biblioteca del Ateneo de Madrid | Biblioteca del Ateneo de Madrid | Depósito 2 | 03/02/2011 | E-14172-73 | 1185599 | 23/02/2023 | 23/02/2023 | Libro impreso |
